<?xml version="1.0" encoding="UTF-8"?>
<marc:record xmlns:marc="http://www.loc.gov/MARC21/slim">
   <marc:leader>00000nam a2200000 a 4500</marc:leader>
   <marc:datafield ind1="1" ind2=" " tag="100">
      <marc:subfield code="a">Matthai, Christian</marc:subfield>
      <marc:subfield code="4">aut</marc:subfield>
      <marc:subfield code="e">Verfasser/-in</marc:subfield>
   </marc:datafield>
   <marc:datafield ind1=" " ind2=" " tag="653">
      <marc:subfield code="a">Gewichtsabnahme</marc:subfield>
   </marc:datafield>
   <marc:datafield ind1=" " ind2=" " tag="653">
      <marc:subfield code="a">Ratgeber</marc:subfield>
   </marc:datafield>
   <marc:datafield ind1="0" ind2="0" tag="245">
      <marc:subfield code="a">Change - das Lifestyle-Abnehmprogramm</marc:subfield>
   </marc:datafield>
   <marc:datafield ind1="0" ind2="0" tag="245">
      <marc:subfield code="b">mit körpereigenen Hormonen spielerisch abnehmen</marc:subfield>
   </marc:datafield>
   <marc:datafield ind1="0" ind2="0" tag="245">
      <marc:subfield code="c">Christian Matthai</marc:subfield>
   </marc:datafield>
   <marc:datafield ind1=" " ind2="1" tag="264">
      <marc:subfield code="a">Wien</marc:subfield>
      <marc:subfield code="b">Kneipp-Verl.</marc:subfield>
      <marc:subfield code="c">2009</marc:subfield>
   </marc:datafield>
   <marc:datafield ind1=" " ind2=" " tag="250">
      <marc:subfield code="a">1. Aufl.</marc:subfield>
   </marc:datafield>
   <marc:datafield ind1="1" ind2=" " tag="520">
      <marc:subfield code="a">Angaben aus der Verlagsmeldung

Change – das Lifestyle-Abnehmprogramm : Mit körpereigenen Hormonen spielerisch abnehmen / von Christian Matthai

Wie kann man überschüssige Kilos abnehmen, ohne dabei auf Genuss und Lebensfreude zu verzichten? Ganz einfach: Man muss nur wissen, wie man die Kraft der körpereigenen Hormone am besten nutzt, z. B. die des Wachstumshormons, das uns im Schlaf abnehmen hilft. Besonders stark in seine fettabbauende Wirkung, wenn nach 17 Uhr keine Kohlenhydrate mehr gegessen werden und der Insulinspiegel niedrig. Ist. Dr. Christian Matthai zeigt, wie Hormone und Gewicht zusammenhängen, aus welchen Zutaten man leckere, kohlenhydratarme Köstlichkeiten zubereiten kann und welche Fitnessübungen die Kilos zusätzliche purzeln lassen. Auf einen Blick: Wie wirken unsere Hormone auf das Gewicht? Wie hilft das Wachstumshormon beim Abnehmen? Mit leckeren Low-Carb-Rezepten und einfachen Fitnessübungen für zuhause
</marc:subfield>
   </marc:datafield>
   <marc:datafield ind1=" " ind2=" " tag="020">
      <marc:subfield code="a">9783708804583</marc:subfield>
      <marc:subfield code="9">9783708804583</marc:subfield>
   </marc:datafield>
   <marc:datafield ind1=" " ind2=" " tag="041">
      <marc:subfield code="a">ger</marc:subfield>
   </marc:datafield>
   <marc:datafield ind1=" " ind2=" " tag="300">
      <marc:subfield code="a">140 S.</marc:subfield>
   </marc:datafield>
</marc:record>
